| 000 | 00517nam a2200193Ia 4500 | ||
|---|---|---|---|
| 003 | OSt | ||
| 005 | 20251118152053.0 | ||
| 008 | 210210b1959 xxu||||| |||| 00| 0 eng d | ||
| 040 | _cAL | ||
| 041 | _aKannada | ||
| 082 | _a851/13 | ||
| 100 |
_aAMBIKATANAYADATTA _9133680 _dಅಂಬಿಕಾತನಯದತ್ತ |
||
| 245 |
_aSanchaya _bಸಂಚಯ |
||
| 260 |
_aDharavada _bSamaja Pustakalaya _c1959 |
||
| 650 |
_aDa Ra Bendre _9133681 |
||
| 690 |
_aKannada Poetry _9133682 |
||
| 906 | _a018030 | ||
| 942 |
_2ddc _cBK |
||
| 999 |
_c141162 _d141162 |
||